000 00344nam a2200145Ia 4500
008 230312s9999||||xx |||||||||||||| ||und||
020 _a0-500-51583-9
082 _a747
_bSCH-L
100 _aSchulenburg;Der
245 0 _aLuxury minimal
260 _bHudson
_ausa
_c2012
300 _a320
650 _aArchitecture
_vArchitecture
942 _cBK
999 _c12671
_d12671